000 01644cam a2200373 i 4500
999 _c41480
_d41480
001 18832897
003 OSt
005 20220723112119.0
008 151026s2017 maua b 001 0 eng
010 _a 2015041946
020 _a9789353065591
020 _a9780133852059 (hbk.)
020 _a0133852059
040 _aDLC
_beng
_cDLC
_erda
_dDLC
042 _apcc
050 0 0 _aRC454
_b.B87 2017
082 0 0 _a616.89
_223
_bBUT/A
100 1 _aHooley, Jill M.
_eauthor.
_99045
245 1 0 _aAbnormal psychology /
_bJill M. Hooley, Harvard University, James N. Butcher, University of Minnesota, Matthew K. Nock, Harvard University, Susan Mineka, Northwestern University.
250 _aSeventeenth edition.
264 1 _aIndia :
_bPearson,
_c[2022]
300 _axxvi, 883 pages :
_billustrations (chiefly color) ;
_c29 cm
500 _aRevision of: Abnormal psychology / James N. Butcher, University of Minnesota, Susan Mineka, Northwestern University, Jill M. Hooley, Harvard University. Sixteenth edition.
504 _aIncludes bibliographical references and indexes.
650 0 _aPsychology, Pathological
_vTextbooks.
650 0 _aPsychiatry
_vTextbooks.
700 1 _aButcher, James Neal,
_d1933-
_eauthor.
_99044
700 1 _aNock, Matthew
_eauthor.
_99046
700 1 _aMineka, Susan
_eauthor.
_99047
700 _aKapur, Preeti
_99048
906 _a7
_bcbc
_corignew
_d1
_eecip
_f20
_gy-gencatlg
942 _2ddc
_cBK
_h616.89
_iBUT/A
_k616.89
_mBUT/A